[Event "Avoine op 20th"]
[Site "Avoine"]
[Date "2005.07.25"]
[Round "3"]
[White "Le Guillou, Thibaud"]
[Black "Baron, Michel"]
[Result "1-0"]
[WhiteElo "1150"]
[BlackElo "1570"]
[PlyCount "51"]
[EventDate "2005.07.23"]
[EventType "swiss"]
[EventRounds "9"]
[EventCountry "FRA"]
[SourceTitle "EXT 2007"]
[Source "ChessBase"]
[SourceDate "2006.11.23"]
[SourceVersion "1"]
[SourceVersionDate "2006.11.23"]
[SourceQuality "1"]

1. e4 e6 2. d4 d5 3. e5 c5 4. Nf3 Nc6 5. Bb5 Qc7 6. Nc3 Bd7 7. Be3 cxd4 8. Nxd4 Nxe5 9. Bf4 Bd6 10. 0-0 a6 11. Bxd7+ Nxd7 12. Bxd6 Qxd6 13. Re1 Ngf6 14. Nf5 Qf8 15. Nxd5 Nxd5 16. Qxd5 0-0-0 17. Nd6+ Qxd6 18. Qxd6 Nf6 19. Qc5+ Kb8 20. Rad1 Rc8 21. Qe5+ Ka8 22. Rd3 Rxc2 23. Red1 Rxf2 24. Rd8+ Rxd8 25. Rxd8+ Ka7 26. Qe3+ 1-0